000 00464nam a2200181Ia 4500
001 17891
005 20260306171550.0
008 260306s9999||||xx |||||||||||||| ||und||
041 _aESP
082 _a658.3
_bD54
100 _aDelgado Piña, María Isabel
_eAUT
245 0 _aGestión de recursos humanos:
_bdel análisis teórico a la solución práctica
260 _c2006
300 _a
_c
650 _aGEN
654 _aCAN
942 _cLIB
_dJUS
_fJUS
_2ddc
_n
999 _c17891
_d17891